00338nam a2200121Ia 4500008004100000041000800041082001700049100001800066245004400084260004900128300003000177365000900207240624s9999 xx 000 0 und d aeng a387.5442 LEV aLEVINSON MARC aBOX HOW THE SHIPPING CONTAINER MADE THE c2006aNew JerseybPrinceton University Press axi, : 376 : p. : cm. ; 24 cb26